000 00560nam a2200229Ia 4500
003 OSt
005 20220924150146.0
006 a|||||r|||| 00| 0
007 ta
008 220923b |||||||| |||| 00| 0 per d
024 _a332028
037 _cTextual
040 _aARTS
_cARTS
_bper
041 _2per
_aper
082 _aV45,1wD8, 164J4
100 _aHidayat Au.
_9221388
245 0 _aMaz yad
260 _c1954
650 _aIRAN - HISTORY
942 _hV45,1wD8, 164J4
_cTEXL
_2CC
999 _c462387
_d462387